000 00364nam a22001337a 4500
005 20251211133520.0
008 251211b |||||||| |||| 00| 0 eng d
020 _a0887374433
050 _aRT4
_b.N55
245 _aPerspectives in Nursing 1989-1991
260 _aNew York
_bNational League for Nursing
_c1990
300 _ax. 242p.
_bill.
_c23cm
942 _2lcc
_cBK
_n0
999 _c8552
_d8552